000
00257nam a2200109Ia 4500
008
190919s9999||||xx |||||||||||||| ||und||
100
_a
Monle Lee
245
0
_a
Principles of Advertising
260
_a
New Delhi
_b
Addison
_c
2013
300
_a
624
942
_c
BK
999
_c
10820
_d
10820